| 000 | 00724nam a2200277Ia 4500 | ||
|---|---|---|---|
| 001 | 19966 | ||
| 005 | 20240113235954.0 | ||
| 007 | ta | ||
| 008 | 060217s1984 a g b000 u 465 u | ||
| 040 | _aCotton College,Assam | ||
| 041 | _a465 | ||
| 082 |
_a330 _bP 886 S |
||
| 100 | _aPrasad, K N . | ||
| 245 | 0 |
_aStudies in Economic Analysis and Policy in Retrospect / _cK N Prasad. _hTextual Documents |
|
| 250 | _a1st ed. / | ||
| 260 |
_aNew Delhi : _bSterling publishers , _c1984. |
||
| 300 |
_a288p. : _bill ; _c21cm . |
||
| 504 | _aIndex | ||
| 653 | _aEconomics | ||
| 653 | _aG-Economics | ||
| 653 | _aMacro economy | ||
| 942 |
_2ddc _cBK |
||
| 999 |
_c19948 _d19948 |
||